Democracia y políticas de ajuste en América Latina

Uloženo v:
Podrobná bibliografie
Hlavní autor: Sommariva, Graciela B.
Médium: Text
Vydáno: Buenos Aires: La Autora
Tagy: Přidat tag
Žádné tagy, Buďte první, kdo vytvoří štítek k tomuto záznamu!

MARC

LEADER 00000 a a2200000 04500
001 12192
003
040
090 |a 142200  
100 |a Sommariva, Graciela B.  
245 |a Democracia y políticas de ajuste en América Latina  
260 |a Buenos Aires:   |b La Autora  
300 |a 77, 14 p.  
300 |b **no definido**   |b fonodiscos  
999 |c 8660  |d 8660